000 00345 a2200169 4500
001 186144
020 _a85-08-036-963-8
040 _cMagnum
100 _aMarques, Amadeu
240 1 0 _aFred´s boots
_lING
245 1 0 _aFred´s boots
300 _a16
362 0 _a1992
440 1 _aÁtica
697 _aLITERATURA INGLESA
942 _cBK
999 _c186144
_d186144